000
00267nam a2200109Ia 4500
008
230907s9999||||xx |||||||||||||| ||und||
082
_a
330.0151
_b
HEN
245
0
_a
Microeconomic theory :
260
_a
McGraw-Hill,
_b
Chennai :
_c
2017
300
_a
420 p.
942
_c
BK
999
_c
600334
_d
600334